00517nam a22001817a 4500008004100000010001400041020002300055035001300078040001200091082001200103100002300115245007300138260003400211300003100245500001900276700002200295999001800317080703t xxu||||| |||| 00| 0 eng d aENG-90444 a8180940144c460.00 aEN-73977 aDPLbEN a660.62  aMoshrafuddin Ahmed aApplied microbiology /cby Moshrafuddin Ahmed [and] S. K. Basumatary aChennaibMJP Publishersc2006 axviii, 664p.c23 cm. (Pbk) aIncludes index abasumatary, S. K. c31030d265530